Great Streets (Record no. 12672)

000 -LEADER
fixed length control field 00307 a2200133 4500
008 - FIXED-LENGTH DATA ELEMENTS--GENERAL INFORMATION
fixed length control field 240704b ||||| |||| 00| 0 eng d
020 ## - INTERNATIONAL STANDARD BOOK NUMBER
International Standard Book Number ‎ 9780262600231
082 ## - DEWEY DECIMAL CLASSIFICATION NUMBER
Classification number 711.41
100 ## - MAIN ENTRY--PERSONAL NAME
Personal name Allan B. Jacobs
245 ## - TITLE STATEMENT
Title Great Streets
260 ## - PUBLICATION, DISTRIBUTION, ETC. (IMPRINT)
Name of publisher, distributor, etc The MIT Press
Date of publication, distribution, etc 1995
300 ## - PHYSICAL DESCRIPTION
Extent 330p;
942 ## - ADDED ENTRY ELEMENTS (KOHA)
Source of classification or shelving scheme
Holdings
Withdrawn status Lost status Source of classification or shelving scheme Damaged status Koha normalized classification for sorting Not for loan Permanent location Current location Date acquired Source of acquisition Cost, normal purchase price Full call number Barcode Date last seen Cost, replacement price Price effective from Koha item type
        711_410000000000000   BMS College of Architecture, Design and Planning BMS College of Architecture, Design and Planning 2024-07-04 1 3233.02 711.41 AR-UG3857 2024-07-04 4310.69 2024-07-04 B.PLAN
        711_410000000000000   BMS College of Architecture, Design and Planning BMS College of Architecture, Design and Planning 2024-07-04 1 3233.02 711.41 AR-UG3858 2024-07-04 4310.69 2024-07-04 B.PLAN
Copyright © 2025, The Librarian, Library and Information Centre, BMSCA D&P, Bengaluru. All Rights Reserved
web counter

Powered by Koha